| 000 | 00664nam a2200181 i 4500 | ||
|---|---|---|---|
| 001 | 34728 | ||
| 003 | ES-MaACL | ||
| 005 | 20250811100105.0 | ||
| 008 | 030207s1924 sp a |||| | spa d | ||
| 100 | 1 |
_aBleuler, E. _929482 |
|
| 245 | 1 | 0 |
_aTratado de psiquiatría / _cE. Bleuler ; traducido de la última edición alemana por José Mª de Villaverde ; con un prólogo de Santiago Ramón y Cajal. |
| 300 |
_aXV, 513 p. : _b35 il. ; _c25 cm. |
||
| 650 | 0 | 7 |
_aPsiquiatría _2embne _916586 |
| 700 | 1 |
_aVillaverde, José María de. _9115179 |
|
| 700 | 1 |
_aRamón y Cajal, Santiago, _d1852-1934 _9226468 |
|
| 852 |
_aES-MaACL _jB-12673 |
||
| 999 |
_c34728 _d34728 |
||